माझे घरटे (Record no. 492979)

MARC details
000 -LEADER
fixed length control field 00404nam a22001577a 4500
003 - CONTROL NUMBER IDENTIFIER
control field OSt
005 - DATE AND TIME OF LATEST TRANSACTION
control field 20120302150757.0
008 - FIXED-LENGTH DATA ELEMENTS--GENERAL INFORMATION
fixed length control field 090811t xxu||||| |||| 00| 0 eng d
035 ## - SYSTEM CONTROL NUMBER
System control number १२०८९
040 ## - CATALOGING SOURCE
Transcribing agency मराठी
100 ## - MAIN ENTRY--PERSONAL NAME
Personal name गडकर, रेचल
9 (RLIN) 8058
222 ## - KEY TITLE
Key title नाटक
245 ## - TITLE STATEMENT
Title माझे घरटे
300 ## - PHYSICAL DESCRIPTION
Other physical details २२ पाने
942 ## - ADDED ENTRY ELEMENTS (KOHA)
Source of classification or shelving scheme Dewey Decimal Classification
Koha item type Book
Holdings
Withdrawn status Lost status Source of classification or shelving scheme Damaged status Not for loan Home library Current library Date acquired Cost, normal purchase price Total Checkouts Full call number Barcode Date last seen Price effective from
    Dewey Decimal Classification     Dr. Bedekar Vidya Mandir Library Dr. Bedekar Vidya Mandir Library 08/11/2009 0.00   M891.462/GAD 12089 03/19/2010 03/19/2010